[Event "Open 13 2010/2011"]
[Site "Vitrolles"]
[Date "2011.03.12"]
[Round "7"]
[White "Scamaroni, Jean-Paul"]
[Black "Mosse, Laurent"]
[Result "0-1"]
[WhiteElo "1656"]
[BlackElo "1811"]
[PlyCount "100"]
[EventDate "2011.??.??"]

1. d4 e6 2. c4 Nf6 3. Nc3 Bb4 4. Qc2 h6 5. Nf3 d5 6. e3 Ne4 7. a3 Bxc3+ 8. bxc3
Nc6 9. cxd5 exd5 10. Bd3 Bf5 11. O-O O-O 12. Bb2 Re8 13. Rfe1 a6 14. c4 dxc4
15. Qxc4 Nd6 16. Qc2 Bxd3 17. Qxd3 Ne4 18. Rad1 Qd5 19. Nd2 Rad8 20. Nxe4 Rxe4
21. f3 Rh4 22. Qe2 Qh5 23. g3 Qg6 24. e4 Rh5 25. d5 Ne7 26. Kh1 Qxg3 27. Rg1
Qh3 28. Rxg7+ Kf8 29. Rg2 Rd6 30. Rdg1 Ng6 31. Qf2 Rg5 32. a4 Ke8 33. Rxg5 hxg5
34. e5 Rb6 35. Bd4 Rb3 36. Rf1 Nh4 37. f4 Rf3 38. d6 Rxf2 39. Rxf2 cxd6 40.
fxg5 Nf3 41. exd6 Nxd4 42. d7+ Qxd7 43. g6 fxg6 44. a5 Qd5+ 45. Kg1 Qe4 46. h4
Qe3 47. h5 gxh5 48. Kg2 h4 49. Kh1 Qe1+ 50. Kg2 h3+ 0-1

[Event "Open 13 2010/2011"]
[Site "Vitrolles"]
[Date "2011.03.12"]
[Round "7"]
[White "Bertrand, Alexandre"]
[Black "Dudognon, Thibault"]
[Result "0-1"]
[WhiteElo "1750"]
[BlackElo "1687"]
[PlyCount "50"]
[EventDate "2011.??.??"]

1. d4 Nf6 2. c4 c5 3. d5 e6 4. Nc3 exd5 5. cxd5 d6 6. h3 g6 7. Nf3 Bg7 8. Bg5
O-O 9. e4 a6 10. a4 Re8 11. Bd3 c4 12. Bc2 Nbd7 13. O-O h6 14. Be3 Nh5 15. Nd2
Qh4 16. Nxc4 Ne5 17. Nxe5 Bxe5 18. Qf3 g5 19. g4 Nf6 20. Qg2 Nxg4 21. hxg4 Bxg4
22. Qh1 Bh3 23. Qf3 Bh2+ 24. Kh1 Bg4 25. Qg2 Bf3 0-1

[Event "Open 13 2010/2011"]
[Site "Vitrolles"]
[Date "2011.03.12"]
[Round "7"]
[White "Desmas, William"]
[Black "Vialette, Eric"]
[Result "1/2-1/2"]
[WhiteElo "1716"]
[BlackElo "1660"]
[PlyCount "70"]
[EventDate "2011.??.??"]

1. d4 Nf6 2. c4 c5 3. d5 b5 4. cxb5 a6 5. b6 Qxb6 6. Nc3 g6 7. e4 d6 8. a4 Bg7
9. Be2 O-O 10. Nf3 a5 11. O-O Nfd7 12. Ra3 Na6 13. Rb3 Nb4 14. Be3 Nb8 15. Nd2
N8a6 16. Nc4 Qd8 17. f4 Nc7 18. Nb5 Rb8 19. Bd2 Nxb5 20. axb5 Bd7 21. Ra3 Bxb5
22. Nxa5 Bxe2 23. Qxe2 Qb6 24. Nc4 Qc7 25. Bc3 Bd4+ 26. Kh1 e6 27. Qd2 e5 28.
Rfa1 Qd8 29. Ra4 Qf6 30. fxe5 dxe5 31. Bxb4 cxb4 32. Rxb4 Ra8 33. Rb1 Ra2 34.
Ne3 Rfa8 35. Nc2 Bxb2 1/2-1/2

[Event "Open 13 2010/2011"]
[Site "Vitrolles"]
[Date "2011.03.12"]
[Round "7"]
[White "Jullien, Patrick"]
[Black "Urcun, Gael"]
[Result "1-0"]
[WhiteElo "1703"]
[BlackElo "1670"]
[PlyCount "61"]
[EventDate "2011.??.??"]

1. e4 c6 2. d4 d5 3. Nc3 dxe4 4. Nxe4 Bf5 5. Ng3 Bg6 6. Nf3 Nd7 7. h4 h6 8. Bd3
Bxd3 9. Qxd3 Ngf6 10. Bd2 e6 11. O-O-O Be7 12. Rhe1 O-O 13. h5 Bd6 14. Ne5 Bxe5
15. dxe5 Ng4 16. Ne4 Ngxe5 17. Qg3 Kh8 18. f4 Nc4 19. Bc3 f6 20. Nc5 Rf7 21.
Qg6 Kg8 22. Rxe6 Qc7 23. Nxd7 Rxd7 24. Re8+ Rxe8 25. Qxe8+ Kh7 26. Qxd7 Qxf4+
27. Kb1 Ne3 28. Qd2 Qg4 29. Qd3+ f5 30. Re1 Nxg2 31. Re7 1-0

[Event "Open 13 2010/2011"]
[Site "Vitrolles"]
[Date "2011.03.12"]
[Round "7"]
[White "Estevez, Ange"]
[Black "Solchaga, Jerome"]
[Result "1-0"]
[WhiteElo "1626"]
[BlackElo "1785"]
[PlyCount "105"]
[EventDate "2011.??.??"]

1. e4 e6 2. d4 d5 3. Nd2 Nf6 4. e5 Nfd7 5. Bd3 c5 6. c3 Nc6 7. Ngf3 Qb6 8. O-O
cxd4 9. cxd4 Nxd4 10. Nxd4 Qxd4 11. Nb3 Qxe5 12. Re1 Qc7 13. Be3 Bd6 14. g3 Nf6
15. Bb5+ Bd7 16. Rc1 Qd8 17. Bxd7+ Qxd7 18. Bd4 Be7 19. Be5 Rc8 20. Rxc8+ Qxc8
21. Bxf6 gxf6 22. Qd4 b6 23. Rc1 Qd7 24. Qc3 Rg8 25. Qc8+ Qxc8 26. Rxc8+ Bd8
27. Nd4 Kd7 28. Ra8 a5 29. Ra7+ Bc7 30. Nb5 Rc8 31. a4 e5 32. Kf1 f5 33. Ke2 f6
34. Kd3 h5 35. h4 Kd8 36. Rb7 Kd7 37. Ra7 Kc6 38. b3 e4+ 39. Ke2 f4 40. gxf4
Bxf4 41. Rf7 Be5 42. Na7+ Kc5 43. Nxc8 d4 44. Rb7 d3+ 45. Kd1 Bd4 46. Re7 Be5
47. Na7 Kd6 48. Rh7 Bd4 49. Nb5+ Ke5 50. Nxd4 Kxd4 51. Rxh5 e3 52. fxe3+ Kxe3
53. Rf5 1-0

[Event "Open 13 2010/2011"]
[Site "Vitrolles"]
[Date "2011.03.12"]
[Round "7"]
[White "Del Vecchio, Alain"]
[Black "Flores, Antonio"]
[Result "1-0"]
[WhiteElo "1800"]
[BlackElo "1740"]
[PlyCount "129"]
[EventDate "2011.??.??"]

1. d4 Nf6 2. Nf3 d6 3. Nc3 g6 4. e4 Bg7 5. Be3 Bg4 6. Be2 Bxf3 7. Bxf3 e5 8.
Qd2 Nc6 9. d5 Nd4 10. Bxd4 exd4 11. Qxd4 O-O 12. Qd3 a6 13. O-O Re8 14. g3 b5
15. a3 Nd7 16. Bg2 Ne5 17. Qe2 Qd7 18. f4 Nc4 19. Nd1 Re7 20. c3 Rae8 21. Ne3
Nb6 22. f5 f6 23. Qg4 Bh6 24. Nc2 Nc4 25. Qh3 Be3+ 26. Nxe3 Nxe3 27. Rf2 Nxg2
28. Kxg2 g5 29. Qh6 Rxe4 30. Qxf6 Qg7 31. Qxg7+ Kxg7 32. f6+ Kf7 33. Raf1 h6
34. h3 Re3 35. Rf3 Re2+ 36. R1f2 Re1 37. h4 Rd1 38. Rf1 Rd2+ 39. R3f2 Ree2 40.
hxg5 Rxf2+ 41. Rxf2 Rxf2+ 42. Kxf2 hxg5 43. Ke3 Kxf6 44. Ke4 Kg6 45. g4 Kf6 46.
b3 a5 47. Kd4 Ke7 48. c4 a4 49. Kc3 Kf6 50. bxa4 bxa4 51. Kd4 Ke7 52. c5 Kf6
53. c6 Ke7 54. Kc4 Kf6 55. Kb4 Ke5 56. Kxa4 Kxd5 57. Kb5 Ke4 58. a4 d5 59. a5
d4 60. a6 d3 61. a7 d2 62. a8=Q d1=Q 63. Qe8+ Kf4 64. Qf7+ Kxg4 65. Qd7+ 1-0

[Event "Open 13 2010/2011"]
[Site "Vitrolles"]
[Date "2011.03.12"]
[Round "7"]
[White "Blanc, Michel"]
[Black "Baquer, Marc"]
[Result "0-1"]
[WhiteElo "1669"]
[BlackElo "1814"]
[PlyCount "94"]
[EventDate "2011.??.??"]

1. Nf3 Nf6 2. d4 g6 3. Bf4 Bg7 4. e3 d6 5. h3 O-O 6. Be2 Nfd7 7. O-O e5 8. Bh2
Nc6 9. c4 exd4 10. exd4 Qf6 11. d5 Nce5 12. Nxe5 Nxe5 13. Nc3 a6 14. Bxe5 Qxe5
15. Bg4 f5 16. Re1 Qf6 17. Bf3 g5 18. Qe2 g4 19. hxg4 fxg4 20. Be4 g3 21. fxg3
Qd4+ 22. Kh1 Rf6 23. Qe3 Rh6+ 24. Kg1 Qxe3+ 25. Rxe3 Bd4 26. Rae1 Bd7 27. Kf2
Rf8+ 28. Ke2 Bxe3 29. Kxe3 Bf5 30. Rf1 Bxe4 31. Rxf8+ Kxf8 32. Nxe4 Rg6 33. Kf4
c6 34. Ng5 Rf6+ 35. Ke3 Kg7 36. Ne6+ Kg6 37. Nd8 cxd5 38. cxd5 b5 39. Ne6 Kf5
40. b4 Kg4 41. Nf4 Rf7 42. Nd3 Rc7 43. Kd2 Rc4 44. a3 Rd4 45. Ke3 Rxd3+ 46.
Kxd3 Kxg3 47. Ke3 h5 0-1

[Event "Open 13 2010/2011"]
[Site "Vitrolles"]
[Date "2011.04.02"]
[Round "8"]
[White "Flores, Adrian"]
[Black "Madranges, Jean"]
[Result "1-0"]
[WhiteElo "1825"]
[BlackElo "1771"]
[PlyCount "95"]
[EventDate "2011.??.??"]

1. d4 e6 2. c4 b6 3. Nf3 Bb7 4. Nc3 Bb4 5. Bd2 f5 6. a3 Bxc3 7. Bxc3 Nf6 8. e3
O-O 9. Bd3 Ne4 10. O-O d6 11. Qc2 Nd7 12. Nd2 Nxd2 13. Bxd2 Qh4 14. f3 Rf6 15.
Be1 Qh5 16. Qe2 Raf8 17. Bg3 g5 18. f4 g4 19. e4 Re8 20. Rae1 Rff8 21. Qc2 fxe4
22. Bxe4 Bxe4 23. Qxe4 Nf6 24. Qd3 d5 25. Re5 Qf7 26. cxd5 exd5 27. Qf5 Qg7 28.
Rfe1 Ne4 29. Rxe8 Qxd4+ 30. Kh1 Rxe8 31. Qxg4+ Kh8 32. Bh4 Qd2 33. Rd1 Nf2+ 34.
Bxf2 Qxf2 35. h3 Rg8 36. Qf3 Qxf3 37. gxf3 c6 38. Re1 Rf8 39. Kg2 Rxf4 40. Kg3
Rc4 41. Re7 d4 42. h4 Rc2 43. f4 d3 44. Rd7 d2 45. Kg4 Rxb2 46. f5 Ra2 47. f6
Rxa3 48. Rd8# 1-0

[Event "Open 13 2010/2011"]
[Site "Vitrolles"]
[Date "2011.04.02"]
[Round "8"]
[White "Burmonas, Romain"]
[Black "Miguel, Alain"]
[Result "0-1"]
[WhiteElo "1818"]
[BlackElo "1856"]
[PlyCount "82"]
[EventDate "2011.??.??"]

1. e4 d5 2. exd5 Qxd5 3. Nf3 Nf6 4. d4 Bg4 5. Be2 a6 6. c4 Qd7 7. Nc3 e6 8. a3
Nc6 9. Be3 O-O-O 10. Ng5 Bxe2 11. Nxe2 h6 12. Nf3 Ng4 13. O-O Nxe3 14. fxe3 g5
15. b4 g4 16. Ne1 f5 17. Nd3 h5 18. Rb1 Bh6 19. Nef4 e5 20. Nc5 Qe8 21. b5 exf4
22. bxc6 Qxc6 23. Rxb7 Qxc5 24. Qb1 Qc6 25. Rb8+ Kd7 26. d5 Qf6 27. Rb7 f3 28.
Qb3 Rhe8 29. Qa4+ Kc8 30. Rfb1 Bxe3+ 31. Kf1 Bb6 32. R7xb6 Re1+ 33. Kxe1 Qc3+
34. Kf2 Qd4+ 35. Kg3 h4+ 36. Kxh4 g3+ 37. Kxg3 Rg8+ 38. Kxf3 Qe4+ 39. Kf2 Rxg2+
40. Kf1 Qf3+ 41. Ke1 Qe2# 0-1

[Event "Open 13 2010/2011"]
[Site "Vitrolles"]
[Date "2011.04.02"]
[Round "8"]
[White "Saada, Claude"]
[Black "Noireaut, Hung"]
[Result "0-1"]
[WhiteElo "1810"]
[BlackElo "1799"]
[PlyCount "40"]
[EventDate "2011.??.??"]

1. d4 d5 2. Nf3 e6 3. c4 c6 4. Nc3 dxc4 5. a4 Bb4 6. e4 b5 7. axb5 cxb5 8. Bd2
Bxc3 9. Bxc3 a5 10. Qd2 a4 11. d5 Nf6 12. Bxf6 Qxf6 13. Be2 O-O 14. O-O exd5
15. Qxd5 Qc6 16. Qd4 Bb7 17. e5 Na6 18. Qc3 Nc5 19. Rad1 Rfd8 20. Nd4 Qxg2# 0-1

[Event "Open 13 2010/2011"]
[Site "Vitrolles"]
[Date "2011.04.02"]
[Round "8"]
[White "Israel, Daniel"]
[Black "Figier, Anthony"]
[Result "0-1"]
[WhiteElo "1875"]
[BlackElo "1700"]
[PlyCount "102"]
[EventDate "2011.??.??"]

1. d4 d5 2. c4 c6 3. cxd5 cxd5 4. Nc3 Nc6 5. Bf4 Bf5 6. Nf3 e6 7. a3 Qb6 8. Qd2
Na5 9. Na4 Qb5 10. Nc3 Qb6 11. Na4 Qd8 12. Qd1 Rc8 13. Rc1 Nc4 14. Qb3 b6 15.
Qb5+ Qd7 16. Qxd7+ Kxd7 17. Ne5+ Nxe5 18. Rxc8 Nd3+ 19. exd3 Kxc8 20. Be2 Ne7
21. O-O Nc6 22. Rc1 Kd7 23. Be3 Be7 24. b4 Rc8 25. Rc3 Bf6 26. b5 Nxd4 27. Bxd4
Bxd4 28. Rxc8 Kxc8 29. Kf1 a6 30. Nxb6+ Bxb6 31. bxa6 Kb8 32. g4 Bg6 33. h4 f6
34. Ke1 Bd4 35. f4 Ka7 36. h5 Be8 37. Bf3 Kxa6 38. f5 exf5 39. gxf5 Bf7 40. Kd2
Ka5 41. Bd1 Be8 42. Bb3 Bxh5 43. Bxd5 Ka4 44. Bg8 h6 45. Bd5 Kxa3 46. Kc2 Kb4
47. Kd2 Kc5 48. Be4 Kd6 49. Kc2 Ke5 50. Kb3 Bg4 51. Kc4 h5 0-1

[Event "Open 13 2010/2011"]
[Site "Vitrolles"]
[Date "2011.04.02"]
[Round "8"]
[White "Battaglia, Gerard"]
[Black "Vallette, Patrick"]
[Result "1/2-1/2"]
[WhiteElo "1888"]
[BlackElo "1849"]
[PlyCount "81"]
[EventDate "2011.??.??"]

1. d4 b5 2. e4 Bb7 3. Nd2 a6 4. c4 bxc4 5. Bxc4 e6 6. Qb3 Qc8 7. Ngf3 Nf6 8.
Bd3 Nc6 9. O-O Be7 10. Re1 O-O 11. a3 Na7 12. Nf1 c5 13. Bg5 cxd4 14. Rac1 Nc6
15. Qd1 Qd8 16. e5 Nd5 17. Bxe7 Qxe7 18. Be4 Nf4 19. Qd2 Ng6 20. Ng3 Rab8 21.
b4 d5 22. Bb1 Rfc8 23. Qd3 Rc7 24. h4 Rbc8 25. h5 Nf8 26. Rc5 a5 27. Qd2 axb4
28. axb4 Nxb4 29. Rxc7 Rxc7 30. Nxd4 Ba6 31. h6 g6 32. Re3 Qc5 33. Nge2 Bxe2
34. Nxe2 d4 35. Re4 Nc6 36. Qg5 Qe7 37. Qxe7 Nxe7 38. Rxd4 Rd7 39. Be4 Rxd4 40.
Nxd4 Nd7 41. f4 1/2-1/2

[Event "Open 13 2010/2011"]
[Site "Vitrolles"]
[Date "2011.04.02"]
[Round "8"]
[White "Corrias, Robert"]
[Black "Charvein, Gabriel"]
[Result "0-1"]
[WhiteElo "1760"]
[BlackElo "1672"]
[PlyCount "74"]
[EventDate "2011.??.??"]

1. Nf3 Nf6 2. c4 g6 3. d4 c5 4. d5 b5 5. Nc3 b4 6. Nb1 d6 7. Nbd2 Bg7 8. e4
Nbd7 9. Bd3 O-O 10. O-O Ng4 11. a3 Nge5 12. Qe2 bxa3 13. Rxa3 a5 14. b3 Nxd3
15. Qxd3 Bb7 16. Qc2 Qb6 17. Bb2 Bxb2 18. Qxb2 a4 19. Rb1 Rfb8 20. Qa1 axb3 21.
Rbxb3 Rxa3 22. Rxa3 Qc7 23. Nb1 Nb6 24. Nfd2 Bc8 25. Nc3 Bd7 26. Rb3 Nc8 27.
Nb5 Bxb5 28. Rxb5 Rxb5 29. cxb5 Nb6 30. Qc3 Na4 31. Qb3 Qa5 32. Qd3 Nb6 33. g3
Qb4 34. Qc2 Qxb5 35. Qb3 Qa5 36. Nc4 Qe1+ 37. Kg2 Qxe4+ 0-1

[Event "Open 13 2010/2011"]
[Site "Vitrolles"]
[Date "2011.04.02"]
[Round "8"]
[White "Jean, Nicolas"]
[Black "Mosse, Laurent"]
[Result "1-0"]
[WhiteElo "1766"]
[BlackElo "1811"]
[PlyCount "37"]
[EventDate "2011.??.??"]

1. e4 c5 2. Nf3 d6 3. Bb5+ Bd7 4. Bxd7+ Qxd7 5. O-O Nc6 6. c3 Nf6 7. Re1 e5 8.
d4 cxd4 9. cxd4 exd4 10. Nxd4 Be7 11. Nc3 O-O 12. Nf5 Rae8 13. Bg5 g6 14. Nxe7+
Rxe7 15. Bxf6 Re6 16. e5 Rfe8 17. Nd5 h6 18. Qd2 Kh7 19. Bh4 1-0

[Event "Open 13 2010/2011"]
[Site "Vitrolles"]
[Date "2011.04.02"]
[Round "8"]
[White "Dudognon, Thibault"]
[Black "Del Vecchio, Alain"]
[Result "1-0"]
[WhiteElo "1687"]
[BlackElo "1800"]
[PlyCount "39"]
[EventDate "2011.??.??"]

1. e4 c5 2. c3 g6 3. d4 cxd4 4. cxd4 Bg7 5. Nc3 d6 6. Nf3 Nf6 7. Bb5+ Bd7 8. e5
dxe5 9. dxe5 Ng8 10. O-O Nh6 11. Bf4 a6 12. Bxd7+ Qxd7 13. Qc1 Ng8 14. Rd1 Qc6
15. Nd5 Kf8 16. Nc7 e6 17. Nxa8 Qxc1 18. Raxc1 Nc6 19. Rd7 Nge7 20. Rxb7 1-0

[Event "Open 13 2010/2011"]
[Site "Vitrolles"]
[Date "2011.04.02"]
[Round "8"]
[White "Colandrea, Sauveur"]
[Black "Scamaroni, Jean-Paul"]
[Result "1-0"]
[WhiteElo "1833"]
[BlackElo "1656"]
[PlyCount "113"]
[EventDate "2011.??.??"]

1. e4 c5 2. Nf3 d6 3. c3 Nf6 4. Be2 Nc6 5. d4 cxd4 6. cxd4 g6 7. Nc3 Bg7 8. d5
Ne5 9. Nxe5 dxe5 10. O-O O-O 11. Be3 a6 12. f3 Bd7 13. a4 Ne8 14. a5 Nd6 15.
Na4 Bb5 16. Nb6 Bxe2 17. Qxe2 Rb8 18. Rac1 Nb5 19. g3 f5 20. Kg2 f4 21. Bc5 Rf7
22. Rfd1 fxg3 23. hxg3 Nd6 24. Be3 Nb5 25. Rh1 Nd4 26. Bxd4 exd4 27. e5 e6 28.
d6 Qg5 29. Rhe1 Rf4 30. Nd7 Rd8 31. Rc7 Rf7 32. Qc4 Rdxd7 33. Rxd7 Rxd7 34.
Qxe6+ Rf7 35. Qc8+ Rf8 36. Qxb7 Qd2+ 37. Kf1 Qd3+ 38. Kf2 Bh6 39. Qe4 Be3+ 40.
Rxe3 dxe3+ 41. Qxe3 Qc2+ 42. Ke1 Qb1+ 43. Kf2 Qxb2+ 44. Qe2 Qxe2+ 45. Kxe2 Kf7
46. Kd3 Ke6 47. f4 Rb8 48. Kc4 Rb5 49. g4 Rxa5 50. f5+ gxf5 51. gxf5+ Kxf5 52.
d7 Ra4+ 53. Kd5 Ra5+ 54. Kc6 Ra1 55. d8=Q Rc1+ 56. Kb6 Kxe5 57. Qg5+ 1-0

[Event "Open 13 2010/2011"]
[Site "Vitrolles"]
[Date "2011.04.02"]
[Round "8"]
[White "Parroco, Pierre-Jean"]
[Black "Desmas, William"]
[Result "1/2-1/2"]
[WhiteElo "1694"]
[BlackElo "1716"]
[PlyCount "50"]
[EventDate "2011.??.??"]

1. e4 e5 2. Nf3 Nc6 3. Bb5 a6 4. Ba4 Nf6 5. O-O Be7 6. Re1 b5 7. Bb3 O-O 8. c3
d6 9. h3 Nb8 10. d4 Nbd7 11. Nbd2 Bb7 12. Bc2 Re8 13. Nf1 Bf8 14. Ng3 g6 15.
Nh2 h5 16. Bg5 Be7 17. Qd3 Nf8 18. f3 Ne6 19. Be3 Nd7 20. Ne2 Bg5 21. Bxg5 Qxg5
22. Rad1 Nf6 23. Qd2 Qh4 24. Qe3 Rad8 25. Nf1 Nd7 1/2-1/2

[Event "Open 13 2010/2011"]
[Site "Vitrolles"]
[Date "2011.04.02"]
[Round "8"]
[White "Estevez, Ange"]
[Black "Jullien, Patrick"]
[Result "0-1"]
[WhiteElo "1626"]
[BlackElo "1703"]
[PlyCount "88"]
[EventDate "2011.??.??"]

1. e4 c5 2. Nf3 e6 3. d4 cxd4 4. Nxd4 a6 5. Nc3 Qc7 6. g3 Nf6 7. Bg2 Be7 8. O-O
O-O 9. Kh1 Nc6 10. Nb3 d6 11. f4 e5 12. f5 b5 13. a3 Bb7 14. Nd5 Nxd5 15. exd5
Nd4 16. c3 Nxb3 17. Qxb3 Qc5 18. Be4 Rfc8 19. Bd2 Qc4 20. Qxc4 Rxc4 21. Rae1
Rc5 22. Be3 Rc4 23. Bd2 Bd8 24. b3 Rc5 25. b4 Rc4 26. h3 Rxe4 27. Rxe4 Bxd5 28.
Rfe1 Bxe4+ 29. Rxe4 Bf6 30. h4 d5 31. Re2 Rc8 32. g4 e4 33. g5 Bxc3 34. f6 Bd4
35. fxg7 Kxg7 36. Bf4 Kg6 37. Rd2 Rc4 38. Bg3 Kf5 39. Bd6 Kg4 40. Rg2+ Kf3 41.
Rg3+ Ke2 42. Rg2+ Bf2 43. Bc5 e3 44. Kh2 Rxh4# 0-1

[Event "Open 13 2010/2011"]
[Site "Vitrolles"]
[Date "2011.04.02"]
[Round "8"]
[White "Vialette, Eric"]
[Black "Bertrand, Alexandre"]
[Result "1/2-1/2"]
[WhiteElo "1660"]
[BlackElo "1750"]
[PlyCount "41"]
[EventDate "2011.??.??"]

1. e4 c5 2. f4 d6 3. Nf3 Nc6 4. Nc3 a6 5. d4 cxd4 6. Nxd4 Bd7 7. Be3 e6 8. Bd3
Be7 9. Qf3 Qc7 10. Qf2 Nf6 11. h3 b5 12. a3 Na5 13. Nxe6 fxe6 14. Bb6 Qb7 15.
Bxa5 Bc6 16. O-O Nxe4 17. Nxe4 Bxe4 18. Bxe4 Qxe4 19. Rfe1 Qf5 20. Re2 O-O 21.
Qe3 1/2-1/2

[Event "Open 13 2010/2011"]
[Site "Vitrolles"]
[Date "2011.04.02"]
[Round "8"]
[White "Baquer, Marc"]
[Black "Urcun, Gael"]
[Result "1-0"]
[WhiteElo "1814"]
[BlackElo "1670"]
[PlyCount "93"]
[EventDate "2011.??.??"]

1. d4 Nf6 2. Bg5 d5 3. Nd2 Bf5 4. e3 e6 5. c4 Be7 6. Ngf3 Nc6 7. a3 a5 8. Nh4
Bg6 9. Nxg6 hxg6 10. cxd5 exd5 11. Qb3 Rb8 12. Bd3 Qd6 13. Bf4 Qd8 14. h3 O-O
15. O-O Bd6 16. Bxd6 Qxd6 17. Rac1 Rfc8 18. Qb5 Ne7 19. Qxa5 Nd7 20. Qb5 f5 21.
Nf3 c6 22. Qb3 Nf6 23. Rfe1 Ne4 24. Bxe4 fxe4 25. Nd2 Kh7 26. f3 exf3 27. Nxf3
Rf8 28. e4 dxe4 29. Ng5+ Kh6 30. Nf7+ Rxf7 31. Qxf7 Qxd4+ 32. Kh1 Nf5 33. Qb3
Qe5 34. Qc3 Qc7 35. g4 Ng3+ 36. Kg2 Rf8 37. Qxg3 Qe7 38. Qe3+ Kh7 39. Qxe4 Qf6
40. Rf1 Qxb2+ 41. Rc2 Qxa3 42. Rxf8 Qxf8 43. Rf2 Qd6 44. h4 b5 45. h5 Kg8 46.
hxg6 Qd7 47. Qf5 1-0

[Event "Open 13 2010/2011"]
[Site "Vitrolles"]
[Date "2011.04.02"]
[Round "8"]
[White "Solchaga, Jerome"]
[Black "Blanc, Michel"]
[Result "0-1"]
[WhiteElo "1785"]
[BlackElo "1669"]
[PlyCount "32"]
[EventDate "2011.??.??"]

1. e4 d6 2. d4 Nf6 3. Nc3 c6 4. f4 Qa5 5. Bd3 e5 6. fxe5 dxe5 7. dxe5 Qxe5 8.
Nf3 Qc7 9. e5 Nd5 10. Nxd5 cxd5 11. Bb5+ Bd7 12. Qxd5 Qa5+ 13. Qd2 Qxd2+ 14.
Bxd2 Bxb5 15. Nd4 Bd7 16. O-O-O Be7 0-1

[Event "Open 13 2010/2011"]
[Site "Vitrolles"]
[Date "2011.05.07"]
[Round "9"]
[White "Vallette, Patrick"]
[Black "Flores, Adrian"]
[Result "0-1"]
[WhiteElo "1824"]
[BlackElo "1840"]
[PlyCount "66"]
[EventDate "2011.??.??"]

1. e4 d6 2. d4 Nf6 3. Bd3 g6 4. Be3 Bg7 5. f3 O-O 6. Qd2 Re8 7. Nc3 c6 8. Nge2
b5 9. g4 e5 10. h4 b4 11. Na4 Qa5 12. b3 Ba6 13. h5 exd4 14. Bxd4 c5 15. Bxf6
Bxf6 16. hxg6 hxg6 17. Bxa6 Nxa6 18. O-O-O Rad8 19. g5 Bg7 20. Nf4 c4 21. Nd5
cxb3 22. axb3 Re6 23. Rh3 Rc8 24. Kb1 Nc5 25. Nf6+ Rxf6 26. gxf6 Nxa4 27. f4
Nc3+ 28. Rxc3 bxc3 29. Qxd6 Bf8 30. Rd5 Bxd6 31. Rxa5 Bxf4 32. Rxa7 g5 33. Ra4
Be5 0-1

[Event "Open 13 2010/2011"]
[Site "Vitrolles"]
[Date "2011.05.07"]
[Round "9"]
[White "Noireaut, Hung"]
[Black "Miguel, Alain"]
[Result "1-0"]
[WhiteElo "1806"]
[BlackElo "1865"]
[PlyCount "79"]
[EventDate "2011.??.??"]

1. e4 d5 2. exd5 Qxd5 3. Nc3 Qd6 4. Bc4 a6 5. Nf3 Nc6 6. d3 Nf6 7. h3 Be6 8.
Bb3 Bxb3 9. axb3 e6 10. Be3 Be7 11. Na4 O-O 12. O-O b5 13. Nc5 Nd5 14. d4 Nxe3
15. fxe3 e5 16. Nb7 Qh6 17. Qe2 e4 18. Nd2 Bg5 19. Rae1 Nb4 20. Nxe4 Bh4 21.
Nf2 Rae8 22. Nc5 Re7 23. e4 Nc6 24. c3 Qd6 25. Qg4 Bxf2+ 26. Rxf2 Ne5 27. Qd1
Nd7 28. e5 Qd5 29. Nxa6 Qb7 30. Nb4 c5 31. Nc2 Rfe8 32. Qf3 Qb6 33. Ne3 Qg6 34.
Nd5 Qe6 35. Nc7 Qxb3 36. Nxe8 Rxe8 37. d5 f6 38. e6 Nf8 39. e7 Nd7 40. Qf5 1-0

[Event "Open 13 2010/2011"]
[Site "Vitrolles"]
[Date "2011.05.07"]
[Round "9"]
[White "Burmonas, Romain"]
[Black "Kaser, Simon"]
[Result "0-1"]
[WhiteElo "1821"]
[BlackElo "1712"]
[PlyCount "64"]
[EventDate "2011.??.??"]

1. e4 c5 2. Nc3 d6 3. f4 Nc6 4. Nf3 g6 5. Bc4 Bg7 6. d3 Nf6 7. O-O O-O 8. Qe1
e6 9. Bb3 a5 10. a3 Nd4 11. Nxd4 cxd4 12. Nb5 a4 13. Ba2 Qb6 14. Qb4 Ne8 15.
Kh1 Bd7 16. c4 dxc3 17. Nxc3 Qxb4 18. axb4 Nc7 19. Bd2 Nb5 20. Bc4 Nd4 21. b5
Nb3 22. Bxb3 axb3 23. Be3 Bxc3 24. bxc3 Bxb5 25. c4 Ba4 26. Rfb1 d5 27. exd5
exd5 28. cxd5 Rfd8 29. h3 b5 30. Kg1 Rxd5 31. Rxb3 Re8 32. Rc3 Rxe3 0-1

[Event "Open 13 2010/2011"]
[Site "Vitrolles"]
[Date "2011.05.07"]
[Round "9"]
[White "Figier, Anthony"]
[Black "Madranges, Jean"]
[Result "0-1"]
[WhiteElo "1710"]
[BlackElo "1771"]
[PlyCount "78"]
[EventDate "2011.??.??"]

1. d4 e6 2. c4 b6 3. e4 Bb7 4. Bd3 Bb4+ 5. Nc3 f5 6. exf5 Bxg2 7. Qh5+ Kf8 8.
fxe6 dxe6 9. Nge2 Bxh1 10. Nf4 Qf6 11. Qh3 Ke7 12. Bd2 Bxc3 13. bxc3 Nd7 14.
O-O-O Bb7 15. Nxe6 Qxe6 16. Re1 Qxe1+ 17. Bxe1 Ngf6 18. Qg3 Kf7 19. Qxc7 Ba6
20. Bf5 Rhd8 21. c5 bxc5 22. Qc6 Bc4 23. Bxd7 Nxd7 24. f4 Rac8 25. Qa4 cxd4 26.
Qxa7 Kg8 27. Bh4 Nf6 28. Bxf6 gxf6 29. Qe7 Rf8 30. cxd4 Bxa2+ 31. Kd2 Rf7 32.
Qa3 Bd5 33. h4 Rfc7 34. Qd6 Rc2+ 35. Ke1 Re8+ 36. Kd1 Bb3 37. Qb6 Re3 38. Qd8+
Kg7 39. Qd7+ Kh6 0-1

[Event "Open 13 2010/2011"]
[Site "Vitrolles"]
[Date "2011.05.07"]
[Round "9"]
[White "Charvein, Gabriel"]
[Black "Dudognon, Thibault"]
[Result "0-1"]
[WhiteElo "1693"]
[BlackElo "1722"]
[PlyCount "78"]
[EventDate "2011.??.??"]

1. Nf3 Nf6 2. g3 e6 3. Bg2 c5 4. O-O Be7 5. c4 Nc6 6. d4 Nxd4 7. Nxd4 cxd4 8.
Qxd4 O-O 9. Nc3 d6 10. b3 Re8 11. Rd1 d5 12. a3 dxc4 13. Qxc4 Qa5 14. b4 Qh5
15. Ne4 Nxe4 16. Bxe4 Bf6 17. Ra2 e5 18. Bd5 Be6 19. Bxe6 Rxe6 20. Rad2 Rc6 21.
Qb5 Rac8 22. Bb2 Qf5 23. Qxb7 h5 24. Qxa7 Rc2 25. Qa4 h4 26. Qb3 h3 27. b5 Qe4
28. f3 Qf5 29. b6 Rxd2 30. Rxd2 e4 31. b7 Qc5+ 32. e3 Rb8 33. Bxf6 gxf6 34. Rc2
Qa5 35. Rc8+ Kg7 36. Qd1 Rxb7 37. fxe4 Qg5 38. Rc3 Rb2 39. a4 Rg2+ 0-1

[Event "Open 13 2010/2011"]
[Site "Vitrolles"]
[Date "2011.05.07"]
[Round "9"]
[White "Jean, Nicolas"]
[Black "Battaglia, Gerard"]
[Result "1-0"]
[WhiteElo "1766"]
[BlackElo "1885"]
[PlyCount "117"]
[EventDate "2011.??.??"]

1. e4 e5 2. Nf3 d6 3. Bc4 Nf6 4. d3 h6 5. c3 Be7 6. h3 Nbd7 7. Nbd2 Nb6 8. Bb3
Bd7 9. Nf1 c5 10. Ng3 Qc7 11. Qe2 Rc8 12. Be3 Bb5 13. a4 Bxd3 14. Qxd3 c4 15.
Bxb6 axb6 16. Qd1 cxb3 17. Qxb3 Qc6 18. Qc2 O-O 19. O-O Rc7 20. Rfe1 Ra8 21.
Nf5 Bf8 22. g4 Nd7 23. Ne3 Nc5 24. Nd5 Rcc8 25. b3 Ne6 26. c4 Nf4 27. Nxf4 exf4
28. Qd2 g5 29. Nd4 Qc5 30. Nf5 Re8 31. Rad1 Re6 32. Kg2 Rae8 33. f3 Rg6 34. Qc3
Qa5 35. Qxa5 bxa5 36. Rd5 Ra8 37. Red1 Ra6 38. Rb5 b6 39. Rbd5 Ra8 40. Nxd6 Re6
41. Nf5 Bc5 42. Rd7 Rf8 43. Rb7 Kh7 44. Rdd7 Kg6 45. h4 gxh4 46. Nxh4+ Kg5 47.
Nf5 Kg6 48. Kf1 Rf6 49. Ne7+ Bxe7 50. Rxe7 h5 51. gxh5+ Kxh5 52. Re5+ Kh4 53.
Rb5 Kg3 54. Ke2 Rh6 55. Rg5+ Kh3 56. Rd7 f6 57. Rgg7 Kh2 58. Kf2 Rh3 59. Rg2+
1-0

[Event "Open 13 2010/2011"]
[Site "Vitrolles"]
[Date "2011.05.07"]
[Round "9"]
[White "Jullien, Patrick"]
[Black "Israel, Daniel"]
[Result "1-0"]
[WhiteElo "1698"]
[BlackElo "1861"]
[PlyCount "91"]
[EventDate "2011.??.??"]

1. e4 c5 2. Nf3 d6 3. Bb5+ Bd7 4. Bxd7+ Nxd7 5. O-O g6 6. d3 Bg7 7. Nc3 Ngf6 8.
h3 O-O 9. Be3 b5 10. Rb1 b4 11. Ne2 Qc7 12. Qd2 a5 13. Bh6 Rfc8 14. Bxg7 Kxg7
15. Ng3 e5 16. Qg5 Kh8 17. h4 Rg8 18. Kh2 Qd8 19. Rh1 Qf8 20. Kg1 h6 21. Qd2
Qg7 22. Kf1 d5 23. exd5 Nxd5 24. h5 Nf4 25. hxg6 fxg6 26. Re1 Rgf8 27. Ne4 Kg8
28. Nd6 a4 29. Nc4 Rae8 30. Qe3 g5 31. g3 Ng6 32. Qe4 Nf6 33. Qc6 g4 34. Nfxe5
Nxe5 35. Rxe5 Rxe5 36. Nxe5 Qe7 37. Ng6 Qg7 38. Nxf8 Qxf8 39. Kg2 Kg7 40. Re1
Qf7 41. Qxc5 Nd5 42. Qd4+ Kg8 43. Qxg4+ Kh8 44. Qe6 Qb7 45. Qxh6+ Kg8 46. Re8+
1-0